[Event "Cracovia Chess Festival A 2021"]
[Site "Cracow"]
[Date "2022.01.03"]
[Round "8.15"]
[White "Tsaknakis, Zisis"]
[Black "Karsay, Pascal"]
[Result "1-0"]
[WhiteElo "2202"]
[BlackElo "2322"]
[Annotator "ChessBase"]
[PlyCount "105"]
[EventDate "2021.12.27"]
[EventCountry "POL"]
[SourceTitle "playchess.com"]
[Source "ChessBase"]
[SourceQuality "1"]
[TimeControl "40/5400+30:1800+30"]

1. e4 {[%emt 0:05:18]} e5 {[%emt 0:00:07]} 2. Nf3 {[%emt 0:00:17]} Nc6 {[%emt 0:00:10]} 3. Bb5 {[%emt 0:00:02]} a6 {[%emt 0:00:09]} 4. Ba4 {[%emt 0:00:02]} Nf6 {[%emt 0:00:08]} 5. O-O {[%emt 0:00:03]} Be7 {[%emt 0:00:11]} 6. Re1 {[%emt 0:00:02]} b5 {[%emt 0:00:10]} 7. Bb3 {[%emt 0:00:02]} d6 {[%emt 0:00:11]} 8. c3 {[%emt 0:00:01]} O-O {[%emt 0:00:09]} 9. h3 {[%emt 0:00:03]} Nb8 {[%emt 0:00:08]} 10. d4 {[%emt 0:00:02]} Nbd7 {[%emt 0:00:09]} 11. Nbd2 {[%emt 0:00:04]} Bb7 {[%emt 0:00:08]} 12. Bc2 {[%emt 0:00:04]} c5 {[%emt 0:00:12]} 13. d5 {[%emt 0:00:43]} c4 {[%emt 0:00:12]} 14. Nf1 {[%emt 0:00:25]} Qc7 {[%emt 0:00:12]} 15. Ng3 {[%emt 0:03:50]} g6 {[%emt 0:00:07]} 16. Bd2 {[%emt 0:03:44]} Nc5 {[%emt 0:03:02]} 17. b4 {[%emt 0:00:39]} cxb3 {[%emt 0:17:37]} 18. axb3 {[%emt 0:00:25]} a5 {[%emt 0:00:54]} 19. b4 {[%emt 0:01:31]} axb4 {[%emt 0:03:14]} 20. cxb4 {[%emt 0:02:29]} Rxa1 {[%emt 0:00:07]} 21. Qxa1 {[%emt 0:00:04]} Ncxe4 {[%emt 0:09:01]} 22. Bxe4 {[%emt 0:12:54]} Nxe4 {[%emt 0:00:07]} 23. Nxe4 {[%emt 0:06:24]} Bxd5 {[%emt 0:00:07]} 24. Qc3 {[%emt 0:12:02]} Qb7 {[%emt 0:03:51]} 25. Qd3 {[%emt 0:04:51]} f6 {[%emt 0:09:00]} 26. Bh6 {[%emt 0:04:41]} Rd8 {[%emt 0:07:12]} 27. Nh4 {[%emt 0:11:29]} f5 {[%emt 0:18:01]} 28. Ng5 {[%emt 0:05:59]} Bc4 {[%emt 0:04:42]} 29. Qg3 {[%emt 0:02:42]} Qd7 {[%emt 0:01:02]} 30. f4 {[%emt 0:02:17]} Bf6 {[%emt 0:04:03]} 31. Ngf3 {[%emt 0:04:33]} Bf7 {[%emt 0:03:33]} 32. Bg5 {[%emt 0:01:45]} Bxg5 {[%emt 0:00:20]} 33. Qxg5 {[%emt 0:02:46]} Re8 {[%emt 0:01:09]} 34. Kh1 {[%emt 0:04:51]} exf4 {[%emt 0:05:30]} 35. Rxe8+ {[%emt 0:00:36]} Bxe8 {[%emt 0:00:28]} 36. Nd4 {[%emt 0:01:46]} Qg7 {[%emt 0:00:29]} 37. Qxf4 {[%emt 0:00:57]} g5 {[%emt 0:03:52]} 38. Qe3 {[%emt 0:00:32]} Bd7 {[%emt 0:01:18]} 39. Nhxf5 {[%emt 0:00:52]} Qf6 {[%emt 0:00:28]} 40. Qe4 {[%emt 0:00:00]} Qe5 {[%emt 0:00:00]} 41. Qa8+ {[%emt 0:05:22]} Kf7 {[%emt 0:02:25]} 42. Qa2+ {[%emt 0:02:21]} Kf6 {[%emt 0:01:01]} 43. Qf2 {[%emt 0:04:20]} Bxf5 {[%emt 0:07:06]} 44. g4 {[%emt 0:00:18]} Qe4+ {[%emt 0:00:02]} 45. Kg1 {[%emt 0:03:46]} Ke5 {[%emt 0:00:07]} 46. gxf5 {[%emt 0:03:19]} Kf6 {[%emt 0:00:01]} 47. Nxb5 {[%emt 0:00:47]} Qxb4 {[%emt 0:00:56]} 48. Qd4+ {[%emt 0:02:37]} Qxd4+ {[%emt 0:00:06]} 49. Nxd4 {[%emt 0:00:04]} h5 {[%emt 0:06:40]} 50. Kg2 {[%emt 0:00:30]} d5 {[%emt 0:04:33]} 51. Kf3 {[%emt 0:03:21]} Ke5 {[%emt 0:00:23]} 52. Kg3 {[%emt 0:00:10]} Kf6 {[%emt 0:00:22]} 53. h4 {[%emt 0:00:29]} 1-0

[Event "Cracovia Chess Festival A 2021"]
[Site "Cracow"]
[Date "2022.01.03"]
[Round "8.16"]
[White "Mis, Mieszko"]
[Black "Sharma Isha"]
[Result "1/2-1/2"]
[WhiteElo "2417"]
[BlackElo "2200"]
[Annotator "ChessBase"]
[PlyCount "89"]
[EventDate "2021.12.27"]
[EventCountry "POL"]
[SourceTitle "playchess.com"]
[Source "ChessBase"]
[SourceQuality "1"]
[TimeControl "40/5400+30:1800+30"]

1. d4 {[%emt 0:06:15]} Nf6 {[%emt 0:00:10]} 2. Bg5 {[%emt 0:02:01]} d5 {[%emt 0:00:17]} 3. e3 {[%emt 0:01:44]} c5 {[%emt 0:00:22]} 4. Bxf6 {[%emt 0:02:08]} gxf6 {[%emt 0:00:07]} 5. dxc5 {[%emt 0:01:01]} e6 {[%emt 0:04:45]} 6. Nc3 {[%emt 0:03:39]} Bxc5 {[%emt 0:01:12]} 7. Qh5 {[%emt 0:00:07]} f5 {[%emt 0:03:40]} 8. O-O-O {[%emt 0:03:52]} Qf6 {[%emt 0:00:41]} 9. Nge2 {[%emt 0:03:16]} Bd7 {[%emt 0:05:54]} 10. Nf4 {[%emt 0:09:16]} Bc6 {[%emt 0:02:15]} 11. Nfxd5 {[%emt 0:06:04]} exd5 {[%emt 0:03:21]} 12. Nxd5 {[%emt 0:00:04]} Bxd5 {[%emt 0:08:21]} 13. Rxd5 {[%emt 0:00:06]} Be7 {[%emt 0:01:52]} 14. Bc4 {[%emt 0:07:47]} Qg6 {[%emt 0:02:43]} 15. Qxf5 {[%emt 0:04:36]} O-O {[%emt 0:01:40]} 16. Qxg6+ {[%emt 0:03:39]} hxg6 {[%emt 0:00:06]} 17. Rb5 {[%emt 0:00:00]} Nc6 {[%emt 0:04:56]} 18. Rxb7 {[%emt 0:00:33]} Rab8 {[%emt 0:00:31]} 19. Rxb8 {[%emt 0:05:07]} Rxb8 {[%emt 0:00:08]} 20. Rd1 {[%emt 0:01:36]} Bf6 {[%emt 0:08:24]} 21. c3 {[%emt 0:00:56]} Kg7 {[%emt 0:00:26]} 22. h3 {[%emt 0:04:50]} Rc8 {[%emt 0:04:26]} 23. Bb3 {[%emt 0:01:08]} Rc7 {[%emt 0:00:17]} 24. a3 {[%emt 0:01:40]} Kf8 {[%emt 0:03:05]} 25. Kc2 {[%emt 0:03:28]} Ke7 {[%emt 0:00:23]} 26. Bd5 {[%emt 0:00:56]} Na5 {[%emt 0:01:38]} 27. Rd3 {[%emt 0:05:47]} Nc4 {[%emt 0:02:49]} 28. Bxc4 {[%emt 0:00:33]} Rxc4 {[%emt 0:00:03]} 29. Rd5 {[%emt 0:00:15]} Rc7 {[%emt 0:01:05]} 30. Ra5 {[%emt 0:02:58]} Kd7 {[%emt 0:04:53]} 31. e4 {[%emt 0:01:58]} Ke6 {[%emt 0:01:13]} 32. f4 {[%emt 0:01:47]} Bh4 {[%emt 0:01:01]} 33. Kd3 {[%emt 0:04:41]} Rd7+ {[%emt 0:01:41]} 34. Ke2 {[%emt 0:01:01]} Bg3 {[%emt 0:03:41]} 35. Ke3 {[%emt 0:01:07]} Rb7 {[%emt 0:02:32]} 36. b4 {[%emt 0:08:45]} Rc7 {[%emt 0:00:16]} 37. f5+ {[%emt 0:00:04]} gxf5 {[%emt 0:01:08]} 38. exf5+ {[%emt 0:00:08]} Kf6 {[%emt 0:00:04]} 39. Kd3 {[%emt 0:02:24]} Be5 {[%emt 0:01:40]} 40. c4 {[%emt 0:00:00]} Kxf5 {[%emt 0:00:00]} 41. c5 {[%emt 0:01:42]} f6 {[%emt 0:07:28]} 42. Ke3 {[%emt 0:08:13]} Ke6 {[%emt 0:04:37]} 43. Ke4 {[%emt 0:03:00]} f5+ {[%emt 0:00:40]} 44. Kf3 {[%emt 0:00:26]} Rh7 {[%emt 0:06:45]} 45. b5 {[%emt 0:07:04]} 1/2-1/2

[Event "Cracovia Chess Festival A 2021"]
[Site "Cracow"]
[Date "2022.01.03"]
[Round "8.17"]
[White "Godzwon, Iwo"]
[Black "Meurs, Tom"]
[Result "1/2-1/2"]
[WhiteElo "2352"]
[BlackElo "2208"]
[Annotator "ChessBase"]
[PlyCount "83"]
[EventDate "2021.12.27"]
[EventCountry "POL"]
[SourceTitle "playchess.com"]
[Source "ChessBase"]
[SourceQuality "1"]
[TimeControl "40/5400+30:1800+30"]

1. e4 {[%emt 0:00:02]} e5 {[%emt 0:00:06]} 2. Nf3 {[%emt 0:00:04]} Nc6 {[%emt 0:00:05]} 3. Bb5 {[%emt 0:00:03]} Nge7 {[%emt 0:00:19]} 4. Nc3 {[%emt 0:02:37]} Ng6 {[%emt 0:00:11]} 5. d4 {[%emt 0:19:28]} Nxd4 {[%emt 0:03:27]} 6. Nxd4 {[%emt 0:00:35]} exd4 {[%emt 0:00:05]} 7. Qxd4 {[%emt 0:00:04]} c6 {[%emt 0:00:06]} 8. Be2 {[%emt 0:05:26]} Qb6 {[%emt 0:00:58]} 9. Qd3 {[%emt 0:07:48]} Be7 {[%emt 0:02:55]} 10. O-O {[%emt 0:10:40]} O-O {[%emt 0:01:07]} 11. a3 {[%emt 0:03:43]} d6 {[%emt 0:09:58]} 12. Be3 {[%emt 0:00:10]} Qc7 {[%emt 0:01:06]} 13. Rad1 {[%emt 0:06:46]} Kh8 {[%emt 0:02:11]} 14. Qd2 {[%emt 0:11:43]} f5 {[%emt 0:06:36]} 15. f4 {[%emt 0:03:58]} fxe4 {[%emt 0:01:37]} 16. Nxe4 {[%emt 0:00:03]} d5 {[%emt 0:04:06]} 17. Ng3 {[%emt 0:00:04]} Bd6 {[%emt 0:03:13]} 18. Nh5 {[%emt 0:00:03]} Bf5 {[%emt 0:02:56]} 19. c4 {[%emt 0:04:13]} Be4 {[%emt 0:06:08]} 20. c5 {[%emt 0:00:40]} Be7 {[%emt 0:01:33]} 21. Bd4 {[%emt 0:01:33]} Rf7 {[%emt 0:02:25]} 22. Bg4 {[%emt 0:05:06]} Nf8 {[%emt 0:06:50]} 23. Qc3 {[%emt 0:02:19]} Bd8 {[%emt 0:06:27]} 24. f5 {[%emt 0:05:39]} Kg8 {[%emt 0:21:11]} 25. Be5 {[%emt 0:00:08]} Qd7 {[%emt 0:00:19]} 26. h3 {[%emt 0:00:23]} Bxf5 {[%emt 0:00:43]} 27. Rxf5 {[%emt 0:01:04]} Rxf5 {[%emt 0:00:05]} 28. Ng3 {[%emt 0:02:25]} Rxe5 {[%emt 0:06:06]} 29. Bxd7 {[%emt 0:00:38]} Nxd7 {[%emt 0:00:03]} 30. Rf1 {[%emt 0:01:51]} Bg5 {[%emt 0:01:01]} 31. Kh2 {[%emt 0:02:19]} Be3 {[%emt 0:02:26]} 32. b4 {[%emt 0:00:40]} Rae8 {[%emt 0:01:01]} 33. Nf5 {[%emt 0:00:20]} Bg5 {[%emt 0:02:00]} 34. Qg3 {[%emt 0:02:21]} Bf6 {[%emt 0:03:55]} 35. Qg4 {[%emt 0:00:45]} R5e6 {[%emt 0:01:51]} 36. Kg1 {[%emt 0:01:04]} Ne5 {[%emt 0:00:16]} 37. Qg3 {[%emt 0:00:04]} Nc4 {[%emt 0:01:15]} 38. Nh6+ {[%emt 0:01:23]} Kh8 {[%emt 0:00:04]} 39. Ng4 {[%emt 0:00:17]} Bd4+ {[%emt 0:00:33]} 40. Kh1 {[%emt 0:00:00]} Ne3 {[%emt 0:00:00]} 41. Nxe3 {[%emt 0:01:20]} Rxe3 {[%emt 0:10:52]} 42. Qc7 {[%emt 0:04:33]} 1/2-1/2

[Event "Cracovia Chess Festival A 2021"]
[Site "Cracow"]
[Date "2022.01.03"]
[Round "8.18"]
[White "Suder, Jakub"]
[Black "Stanisz, Patryk"]
[Result "1/2-1/2"]
[WhiteElo "2349"]
[BlackElo "2158"]
[Annotator "ChessBase"]
[PlyCount "51"]
[EventDate "2021.12.27"]
[EventCountry "POL"]
[SourceTitle "playchess.com"]
[Source "ChessBase"]
[SourceQuality "1"]
[TimeControl "40/5400+30:1800+30"]

1. d4 {[%emt 0:00:05]} d5 {[%emt 0:00:07]} 2. c4 {[%emt 0:00:05]} c6 {[%emt 0:00:10]} 3. cxd5 {[%emt 0:00:06]} cxd5 {[%emt 0:00:06]} 4. Bg5 {[%emt 0:00:07]} Qb6 {[%emt 0:00:35]} 5. Nc3 {[%emt 0:01:01]} Nc6 {[%emt 0:00:10]} 6. Qd2 {[%emt 0:02:08]} f6 {[%emt 0:00:33]} 7. Bf4 {[%emt 0:13:23]} Qxd4 {[%emt 0:03:30]} 8. Nxd5 {[%emt 0:03:30]} e5 {[%emt 0:00:20]} 9. Nf3 {[%emt 0:06:29]} Qxd2+ {[%emt 0:18:51]} 10. Bxd2 {[%emt 0:00:24]} Bd6 {[%emt 0:00:05]} 11. e4 {[%emt 0:04:25]} Nge7 {[%emt 0:05:38]} 12. Bc4 {[%emt 0:05:12]} Bg4 {[%emt 0:02:08]} 13. Bc3 {[%emt 0:04:29]} O-O-O 14. Rc1 {[%emt 0:06:11]} Kb8 {[%emt 0:05:56]} 15. a3 {[%emt 0:05:07]} Nxd5 {[%emt 0:06:40]} 16. Bxd5 {[%emt 0:00:36]} Ne7 {[%emt 0:00:17]} 17. Bb3 {[%emt 0:04:58]} Bxf3 {[%emt 0:04:19]} 18. gxf3 {[%emt 0:00:10]} g5 {[%emt 0:00:06]} 19. Ke2 {[%emt 0:03:58]} Bc7 20. Bd2 {[%emt 0:10:15]} Bb6 {[%emt 0:19:33]} 21. Be3 {[%emt 0:00:52]} Bd4 {[%emt 0:00:01]} 22. Rc2 {[%emt 0:00:48]} Ng6 {[%emt 0:09:08]} 23. Rhc1 {[%emt 0:02:10]} Nf4+ {[%emt 0:02:33]} 24. Bxf4 {[%emt 0:00:53]} exf4 {[%emt 0:00:06]} 25. Be6 {[%emt 0:02:16]} Be5 {[%emt 0:00:13]} 26. b3 {[%emt 0:01:09]} 1/2-1/2

[Event "Cracovia Chess Festival A 2021"]
[Site "Cracow"]
[Date "2022.01.03"]
[Round "8.19"]
[White "Ulasevich, Sergei"]
[Black "Sinz, Bernhard"]
[Result "1-0"]
[WhiteElo "2171"]
[BlackElo "2330"]
[Annotator "TA"]
[PlyCount "153"]
[EventDate "2021.12.27"]
[EventCountry "POL"]
[SourceTitle "playchess.com"]
[Source "ChessBase"]
[SourceQuality "1"]

{[%evp 19,153,20,12,24,20,23,19,30,27,33,30,27,41,50,62,65,62,-72,-60,-61,-33,-103,-71,-57,-52,-96,-95,-92,-82,-160,-124,-138,-116,-183,-187,-171,-193,-238,-197,-164,-104,-97,0,-190,-187,-195,-99,-247,-249,-245,-119,-258,57,44,47,54,56,57,115,120,241,255,235,199,295,287,433,425,470,416,652,418,568,553,541,533,533,498,525,531,665,664,622,646,600,576,588,450,596,581,575,603,572,562,582,579,553,566,547,535,582,584,562,552,653,595,633,591,1620,1455,830,828,29969,29971,29976,1381,29968,29969,29969,29970,29970,29972,29970,29970,29964,12796,29973,29972,29984,29985,29985,29986,29986,29987,29987,29988]} 1. e4 e5 2. Nf3 Nc6 3. Bb5 {[%cal Bf1b5,Bb5a4,Ba4b3,Bb3a2][%mdl 32]} a6 4. Ba4 Nf6 5. O-O Be7 6. d3 b5 7. Bb3 O-O 8. a4 Bb7 9. Nc3 b4 10. Nd5 Na5 11. Nxe7+ {C84: Closed Ruy Lopez: Unusual White 6th moves.} Qxe7 12. Ba2 $1 d5 13. exd5 {The position is equal.} Qd6 {[#]} 14. d4 $146 ({Predecessor:} 14. Qe1 Rfe8 15. Bd2 Nxd5 16. Ng5 b3 17. cxb3 Nc6 18. Qe4 Nf6 19. Qc4 Qd7 20. b4 {½-½ (29) Navara,D (2646)-Jakovenko,D (2709) Sochi 2008}) 14... e4 15. Nh4 g6 16. c4 bxc3 17. bxc3 Nxd5 {[%cal Bf6d5,Bd5c3,Bc3a2][%mdl 32]} 18. c4 (18. Qe1 $14 {keeps the upper hand.}) 18... Nc3 $17 19. Qe1 Nxa2 {Pair of Knights!} (19... Qxd4 $2 20. Bb2 $18) 20. Bh6 (20. Qxa5 $15 Nxc1 21. Raxc1) 20... Nxc4 {aiming for ...Nb4.} 21. Bxf8 Rxf8 22. Qe2 {[#]} (22. Rxa2 $15 Qxd4 23. Qa1) 22... Qxd4 $1 23. Rxa2 Ne5 24. Qd2 (24. Rd2 $142 Qxa4 25. Rb1) 24... Nd3 25. Qg5 Re8 $36 {[%mdl 2048] Black is really pushing.} 26. Qg3 ({Don't blunder} 26. Nf5 $2 Qd5 27. Rc2 Qxf5 $19) (26. Rc2 $17 {was worth a try.}) 26... Qd5 27. Re2 c5 {[%cal Bc7c5,Bc5c4][%mdl 32]} 28. Nf3 (28. f4 {is a better defense.}) 28... c4 29. Ne1 Rd8 (29... Rc8 $19 30. Nc2 c3) 30. Nc2 f5 ({Black should play} 30... c3 $17 31. Ne3 Qc5) 31. Rb1 $2 (31. Ne3 $1 $11 {and White stays safe.} Qc5 32. Qh4) 31... f4 $19 32. Qh4 {[%cal Ob1b7] [#] And now Rxb7! would win.} Rd7 (32... Rf8 $1 $19 33. Rb6 Rf7) 33. Qg4 (33. Qf6 $17) 33... Rf7 {[%cal Oe4e3]} 34. h4 Ne5 (34... e3 $19 {has better winning chances.} 35. f3 Rf5 36. Rxe3 fxe3 37. Nxe3 Qc5 38. Qxc4+ Qxc4 39. Nxc4 Bc6) 35. Qg5 (35. Qh3 $17) 35... f3 $2 (35... Qd6 $19 {White must now prevent ...Rf5.} 36. Rxb7 h6) 36. Rd2 $1 $14 Nd3 37. Qxd5 $1 {Dancing on a razor blade.} Bxd5 38. Ne3 Be6 {White stays focused until the end.} (38... Bc6 $14) 39. Rb6 $16 {[%csl LRa6,LRe6]} Bf5 (39... Bd7 $16) 40. Nxc4 $18 fxg2 41. Kxg2 Bg4 (41... Be6 $142) 42. Rxa6 Bf3+ (42... Kg7 $142 43. Nd6 Rf4 44. Ra7+ Kh6) 43. Kg3 Rc7 44. Ne3 Rf7 (44... Rc1 $142 45. Rxd3 exd3 46. Kxf3 Rh1) 45. Nd5 Bh5 46. Nf6+ Kg7 47. Nxh5+ gxh5 {[%mdl 4096] Endgame KRR-KRN} 48. Ra5 Rf3+ 49. Kh2 Nxf2 50. Rd7+ Kf6 51. Rd6+ Ke7 52. Rb6 Ng4+ 53. Kg1 Rg3+ 54. Kf1 {Threatening mate with Ra7+.} Rf3+ 55. Ke1 {Ra7+ would kill now.} Re3+ 56. Kd2 {White threatens Ra7+ and mate.} Rd3+ 57. Kc1 Rd7 58. Rxh5 Kd8 59. Ra6 Kc8 60. Re6 Nf2 61. Rc5+ Kd8 {...Nd3+ is the strong threat.} 62. Rcc6 {Hoping for Rcd6.} Nd3+ 63. Kb1 Rd4 64. Rcd6+ Rxd6 65. Rxd6+ {KR-KN} Ke7 66. Rd4 Nf2 67. Rd2 (67. a5 $142 Ke6 68. a6 e3 69. Kc2 Ke5 70. Rd8 Kf4 71. a7 e2 72. Re8) 67... e3 68. Re2 Ng4 69. Kc2 Kd6 70. Kd3 Kc5 71. Rc2+ Kb6 72. Ke2 (72. Rg2 $142 Nf6 73. Rg7 Ka5 74. Rf7 Ng4 75. Rxh7 Kxa4 76. h5 Ka3 77. Rg7) 72... h5 73. Rc4 {White mates.} Ka5 {[#]} 74. Rxg4 $1 {[%mdl 512]} hxg4 75. Kxe3 g3 76. Kf3 g2 77. Kxg2 {Weighted Error Value: White=0.30/Black=0.51} 1-0

[Event "Cracovia Chess Festival A 2021"]
[Site "Cracow"]
[Date "2022.01.03"]
[Round "8.20"]
[White "Mika, Tomasz"]
[Black "Seemann, Jakub"]
[Result "0-1"]
[WhiteElo "2183"]
[BlackElo "2312"]
[Annotator "ChessBase"]
[PlyCount "112"]
[EventDate "2021.12.27"]
[EventCountry "POL"]
[SourceTitle "playchess.com"]
[Source "ChessBase"]
[SourceQuality "1"]
[TimeControl "40/5400+30:1800+30"]

1. d4 {[%emt 0:00:04]} d5 {[%emt 0:00:19]} 2. Bf4 {[%emt 0:00:12]} Nf6 {[%emt 0:00:14]} 3. e3 {[%emt 0:00:21]} c5 {[%emt 0:00:07]} 4. Nf3 {[%emt 0:00:23]} Nc6 {[%emt 0:00:23]} 5. Nbd2 {[%emt 0:00:31]} cxd4 {[%emt 0:00:18]} 6. exd4 {[%emt 0:00:19]} Bf5 {[%emt 0:00:04]} 7. c3 {[%emt 0:00:51]} e6 {[%emt 0:00:05]} 8. Be2 {[%emt 0:03:24]} Bd6 {[%emt 0:03:10]} 9. Bxd6 {[%emt 0:00:17]} Qxd6 {[%emt 0:00:02]} 10. O-O {[%emt 0:01:02]} O-O {[%emt 0:00:28]} 11. Re1 {[%emt 0:00:56]} Ne4 {[%emt 0:07:37]} 12. g3 {[%emt 0:07:01]} h6 {[%emt 0:00:32]} 13. Nxe4 {[%emt 0:07:01]} Bxe4 {[%emt 0:01:05]} 14. Bd3 {[%emt 0:01:32]} Bxd3 {[%emt 0:00:31]} 15. Qxd3 {[%emt 0:00:03]} Rab8 {[%emt 0:01:13]} 16. Ne5 {[%emt 0:01:20]} b5 {[%emt 0:01:40]} 17. a3 {[%emt 0:01:56]} a5 {[%emt 0:00:39]} 18. f4 {[%emt 0:01:00]} Ne7 {[%emt 0:03:35]} 19. Rf1 {[%emt 0:02:56]} h5 {[%emt 0:10:42]} 20. Nf3 {[%emt 0:17:27]} g6 {[%emt 0:02:07]} 21. Rfe1 {[%emt 0:01:58]} Nf5 {[%emt 0:02:56]} 22. Kg2 {[%emt 0:03:10]} Kg7 {[%emt 0:00:47]} 23. h3 {[%emt 0:01:25]} h4 {[%emt 0:08:04]} 24. g4 {[%emt 0:00:33]} Qxf4 {[%emt 0:00:14]} 25. Ne5 {[%emt 0:00:34]} Ng3 {[%emt 0:11:29]} 26. Nd7 {[%emt 0:04:55]} Ne4 {[%emt 0:09:27]} 27. Rf1 {[%emt 0:03:07]} Qc7 {[%emt 0:04:27]} 28. Nxf8 {[%emt 0:00:36]} Rxf8 {[%emt 0:01:38]} 29. Rf3 {[%emt 0:02:27]} Rb8 {[%emt 0:00:25]} 30. Raf1 {[%emt 0:04:41]} f5 {[%emt 0:00:55]} 31. gxf5 {[%emt 0:03:10]} exf5 {[%emt 0:04:08]} 32. Rf4 {[%emt 0:01:57]} b4 {[%emt 0:00:45]} 33. cxb4 {[%emt 0:01:23]} axb4 {[%emt 0:00:27]} 34. a4 {[%emt 0:01:12]} b3 {[%emt 0:07:21]} 35. Qe3 {[%emt 0:04:13]} Qc2+ {[%emt 0:01:29]} 36. R1f2 {[%emt 0:03:13]} Qc6 {[%emt 0:05:05]} 37. Rxh4 {[%emt 0:01:36]} Qf6 {[%emt 0:05:32]} 38. Qh6+ {[%emt 0:02:04]} Kf7 {[%emt 0:00:01]} 39. Qh7+ {[%emt 0:05:32]} Ke6 {[%emt 0:01:04]} 40. Rxe4+ {[%emt 0:00:00]} dxe4 {[%emt 0:00:00]} 41. Qc7 {[%emt 0:08:02]} Rd8 {[%emt 0:13:31]} 42. Qc4+ {[%emt 0:03:26]} Ke7 {[%emt 0:02:27]} 43. Qxb3 {[%emt 0:06:43]} Qxd4 {[%emt 0:00:49]} 44. Rc2 {[%emt 0:03:23]} f4 {[%emt 0:01:47]} 45. Rc7+ {[%emt 0:03:48]} Kd6 {[%emt 0:02:06]} 46. Rc4 {[%emt 0:00:06]} Qd2+ {[%emt 0:02:38]} 47. Kf1 {[%emt 0:00:16]} Qd3+ {[%emt 0:02:01]} 48. Qxd3+ {[%emt 0:00:07]} exd3 {[%emt 0:00:02]} 49. Ke1 {[%emt 0:07:01]} Ke5 {[%emt 0:00:41]} 50. Kd2 {[%emt 0:00:51]} f3 {[%emt 0:01:37]} 51. Rc7 {[%emt 0:04:08]} Rf8 {[%emt 0:02:56]} 52. Rc1 {[%emt 0:02:02]} f2 {[%emt 0:00:07]} 53. Rf1 {[%emt 0:00:05]} Kd4 {[%emt 0:00:26]} 54. a5 {[%emt 0:01:35]} Rc8 {[%emt 0:00:18]} 55. Rxf2 {[%emt 0:00:37]} Rc2+ {[%emt 0:00:03]} 56. Ke1 {[%emt 0:00:19]} Ke3 {[%emt 0:00:03]} 0-1

[Event "Cracovia Chess Festival A 2021"]
[Site "Cracow"]
[Date "2022.01.03"]
[Round "8.21"]
[White "Koziorowicz, Michal"]
[Black "Raczynski, Krzysztof"]
[Result "1-0"]
[WhiteElo "2309"]
[BlackElo "2194"]
[Annotator "ChessBase"]
[PlyCount "71"]
[EventDate "2021.12.27"]
[EventCountry "POL"]
[SourceTitle "playchess.com"]
[Source "ChessBase"]
[SourceQuality "1"]
[TimeControl "40/5400+30:1800+30"]

1. e4 {[%emt 0:00:01]} c5 {[%emt 0:00:50]} 2. Nf3 {[%emt 0:00:18]} d6 {[%emt 0:00:35]} 3. Bb5+ {[%emt 0:00:10]} Bd7 {[%emt 0:00:24]} 4. Bxd7+ {[%emt 0:00:08]} Qxd7 {[%emt 0:00:06]} 5. O-O {[%emt 0:00:08]} Nf6 {[%emt 0:00:35]} 6. Re1 {[%emt 0:00:06]} Nc6 {[%emt 0:00:48]} 7. c3 {[%emt 0:00:07]} e6 {[%emt 0:01:12]} 8. d4 {[%emt 0:00:06]} cxd4 {[%emt 0:00:10]} 9. cxd4 {[%emt 0:00:05]} d5 {[%emt 0:00:05]} 10. e5 {[%emt 0:00:05]} Ne4 {[%emt 0:00:08]} 11. Nbd2 {[%emt 0:00:06]} Nxd2 {[%emt 0:02:00]} 12. Bxd2 {[%emt 0:00:06]} Be7 {[%emt 0:00:08]} 13. Rc1 {[%emt 0:00:06]} O-O {[%emt 0:00:54]} 14. a3 {[%emt 0:01:07]} Rac8 {[%emt 0:07:24]} 15. Rc3 {[%emt 0:00:14]} b5 {[%emt 0:08:03]} 16. Rd3 {[%emt 0:01:50]} a5 {[%emt 0:03:32]} 17. h4 {[%emt 0:00:36]} Rc7 {[%emt 0:11:50]} 18. Ng5 {[%emt 0:02:14]} Bxg5 {[%emt 0:03:01]} 19. hxg5 {[%emt 0:00:10]} g6 {[%emt 0:02:21]} 20. g4 {[%emt 0:07:10]} Rfc8 {[%emt 0:04:36]} 21. Kg2 {[%emt 0:01:03]} b4 {[%emt 0:09:13]} 22. Qf3 {[%emt 0:08:16]} Qe7 {[%emt 0:02:47]} 23. Rh1 {[%emt 0:00:17]} Nd8 {[%emt 0:03:44]} 24. Qf6 {[%emt 0:02:33]} Qxf6 {[%emt 0:02:21]} 25. gxf6 {[%emt 0:00:07]} Kf8 {[%emt 0:08:21]} 26. axb4 {[%emt 0:01:12]} Rc2 {[%emt 0:02:31]} 27. Rxh7 {[%emt 0:06:26]} Ke8 {[%emt 0:00:11]} 28. b3 {[%emt 0:00:05]} axb4 {[%emt 0:02:28]} 29. Bxb4 {[%emt 0:00:11]} Nc6 {[%emt 0:07:20]} 30. Bc5 {[%emt 0:00:30]} Nxe5 {[%emt 0:01:38]} 31. dxe5 {[%emt 0:00:05]} R2xc5 {[%emt 0:00:27]} 32. Rd4 {[%emt 0:05:28]} Rb5 {[%emt 0:02:08]} 33. Ra4 {[%emt 0:00:23]} Rb7 {[%emt 0:00:27]} 34. Ra6 {[%emt 0:00:18]} Rd8 {[%emt 0:08:06]} 35. Rh8+ {[%emt 0:00:40]} Kd7 {[%emt 0:00:02]} 36. Rd6+ {[%emt 0:00:08]} 1-0

[Event "Cracovia Chess Festival A 2021"]
[Site "Cracow"]
[Date "2022.01.03"]
[Round "8.23"]
[White "Piekielny, Pawel"]
[Black "Warakomska, Anna"]
[Result "0-1"]
[WhiteElo "2104"]
[BlackElo "2276"]
[Annotator "ChessBase"]
[PlyCount "70"]
[EventDate "2021.12.27"]
[EventCountry "POL"]
[SourceTitle "playchess.com"]
[Source "ChessBase"]
[SourceQuality "1"]
[TimeControl "40/5400+30:1800+30"]

1. e4 {[%emt 0:00:02]} c5 {[%emt 0:00:18]} 2. Nf3 {[%emt 0:00:08]} e6 {[%emt 0:00:05]} 3. d4 {[%emt 0:00:06]} cxd4 {[%emt 0:00:04]} 4. Nxd4 {[%emt 0:00:06]} Nc6 {[%emt 0:00:08]} 5. Nc3 {[%emt 0:00:08]} Qc7 {[%emt 0:00:04]} 6. Be3 {[%emt 0:00:42]} a6 {[%emt 0:00:05]} 7. Qd2 {[%emt 0:01:40]} Nf6 {[%emt 0:01:29]} 8. O-O-O {[%emt 0:00:17]} Be7 {[%emt 0:02:30]} 9. f3 {[%emt 0:02:33]} b5 {[%emt 0:01:03]} 10. g4 {[%emt 0:03:02]} Nxd4 {[%emt 0:00:34]} 11. Bxd4 {[%emt 0:00:28]} Bb7 {[%emt 0:00:09]} 12. g5 {[%emt 0:04:12]} Nh5 {[%emt 0:00:36]} 13. Kb1 {[%emt 0:03:13]} O-O {[%emt 0:00:31]} 14. Bd3 {[%emt 0:06:56]} Nf4 {[%emt 0:06:16]} 15. Ne2 {[%emt 0:04:26]} Nxd3 {[%emt 0:12:05]} 16. cxd3 {[%emt 0:01:12]} e5 {[%emt 0:01:55]} 17. Rc1 {[%emt 0:03:43]} Qb8 {[%emt 0:02:01]} 18. Bc5 {[%emt 0:12:53]} d6 {[%emt 0:02:34]} 19. Bb6 {[%emt 0:08:20]} Rc8 {[%emt 0:07:26]} 20. h4 {[%emt 0:00:22]} d5 {[%emt 0:03:47]} 21. Rxc8+ {[%emt 0:14:17]} Qxc8 {[%emt 0:07:21]} 22. Ng3 {[%emt 0:01:40]} Qe6 {[%emt 0:01:51]} 23. Nf5 {[%emt 0:03:17]} Bf8 {[%emt 0:00:30]} 24. Ba5 {[%emt 0:01:51]} Rc8 {[%emt 0:04:26]} 25. Bb4 {[%emt 0:04:11]} dxe4 {[%emt 0:07:11]} 26. dxe4 {[%emt 0:03:39]} Bxe4+ {[%emt 0:03:12]} 27. fxe4 {[%emt 0:00:57]} Qc4 {[%emt 0:00:05]} 28. Qg2 {[%emt 0:05:20]} Qd3+ {[%emt 0:08:19]} 29. Ka1 {[%emt 0:00:05]} Bxb4 {[%emt 0:00:04]} 30. Qg4 {[%emt 0:04:19]} Qc2 {[%emt 0:04:30]} 31. Rb1 {[%emt 0:00:58]} Rc4 {[%emt 0:08:01]} 32. a3 {[%emt 0:09:50]} Bxa3 {[%emt 0:02:17]} 33. bxa3 {[%emt 0:00:58]} Rc3 {[%emt 0:00:36]} 34. Nh6+ {[%emt 0:00:52]} Kf8 35. Qd1 {[%emt 0:00:34]} Rxa3# {[%emt 0:00:25]} 0-1